[Event "Top 16 Groupe B"]
[Site "Chartres, France"]
[Date "2024.05.30"]
[Round "1.18"]
[White "Grandelius, Nils"]
[Black "Nihal Sarin"]
[Result "1/2-1/2"]
[WhiteElo "2664"]
[BlackElo "2680"]
[PlyCount "42"]
[EventDate "2024.??.??"]

1. d4 {15} Nf6 {65} 2. c4 {18} e6 {14} 3. Nc3 {40} Bb4 {100} 4. e3 {30} O-O {38
} 5. Bd2 {30} Re8 {333} 6. Nf3 {752} d5 {102} 7. Rc1 {149} Bf8 {33} 8. Bd3 {210
} b6 {175} 9. O-O {788} Bb7 {38} 10. Re1 {341} Nbd7 {682} 11. e4 {554} dxe4 {
1585} 12. Nxe4 {20} c5 {6} 13. Bc3 {427} cxd4 {81} 14. Nxd4 {150} a6 {169} 15.
Nf3 {242} h6 {422} 16. Ne5 {444} Nxe5 {159} 17. Bxe5 {7} Nxe4 {187} 18. Bxe4 {3
} Bxe4 {13} 19. Rxe4 {16} Qxd1+ {115} 20. Rxd1 {2} b5 {7} 21. Kf1 {209} Rec8 {
40} 1/2-1/2

[Event "Top 16 Groupe B"]
[Site "Chartres, France"]
[Date "2024.05.30"]
[Round "1.19"]
[White "Navara, David"]
[Black "Salgado Lopez, Ivan"]
[Result "1/2-1/2"]
[WhiteElo "2678"]
[BlackElo "2608"]
[PlyCount "75"]
[EventDate "2024.??.??"]

1. e4 {1} e5 {16} 2. Nf3 {4} Nc6 {15} 3. Bc4 {6} Nf6 {35} 4. d3 {5} h6 {116} 5.
c3 {572} a6 {131} 6. a4 {262} d6 {147} 7. Qb3 {179} Qe7 {82} 8. a5 {10} g6 {67}
9. Nbd2 {372} Bg7 {247} 10. Nf1 {186} O-O {221} 11. Ne3 {274} Nd8 {21} 12. O-O
{150} Ne6 {224} 13. Qc2 {332} Nf4 {311} 14. g3 {423} Nh3+ {136} 15. Kg2 {73}
Kh7 {588} 16. Ba2 {646} Bd7 {704} 17. Ng1 {156} Nxg1 {135} 18. Rxg1 {36} Rad8 {
48} 19. f3 {736} Be6 {172} 20. Bxe6 {185} Qxe6 {9} 21. Ra4 {76} d5 {109} 22.
Rb4 {119} b5 {147} 23. axb6 {13} cxb6 {35} 24. c4 {45} dxe4 {710} 25. dxe4 {27}
Rc8 {10} 26. Qe2 {362} Rfd8 {98} 27. Nd5 {496} b5 {79} 28. cxb5 {16} Nxd5 {452}
29. exd5 {8} Qd6 {26} 30. Rc4 {110} Rxc4 {107} 31. Qxc4 {4} axb5 {9} 32. Qxb5 {
15} Qxd5 {8} 33. Qxd5 {12} Rxd5 {7} 34. Be3 {70} Rb5 {38} 35. Rb1 {5} Rb3 {13}
36. Bd2 {6} e4 {25} 37. fxe4 {4} Rxb2 {7} 38. Rxb2 {3} 1/2-1/2

[Event "Top 16 Groupe B"]
[Site "Chartres, France"]
[Date "2024.05.30"]
[Round "1.20"]
[White "David, Alberto"]
[Black "Sokolov, Andrei"]
[Result "1/2-1/2"]
[WhiteElo "2509"]
[BlackElo "2460"]
[PlyCount "41"]
[EventDate "2024.??.??"]

1. Nf3 {6} Nf6 {26} 2. c4 {12} e6 {56} 3. Nc3 {21} c5 {475} 4. g3 {91} b6 {24}
5. Bg2 {7} Bb7 {20} 6. O-O {58} d6 {121} 7. Re1 {373} Nbd7 {69} 8. e4 {122} Rc8
{338} 9. b3 {165} a6 {133} 10. d4 {436} cxd4 {1893} 11. Nxd4 {242} Qc7 {550}
12. Bb2 {837} Be7 {204} 13. Nd5 {679} exd5 {61} 14. exd5 {5} Kf8 {74} 15. Nf5 {
124} Re8 {65} 16. Qd2 {401} Bc8 {454} 17. Nxg7 {575} Kxg7 {24} 18. Qg5+ {5} Kf8
{6} 19. Qh6+ {112} Kg8 {10} 20. Qg5+ {50} Kf8 {34} 21. Qh6+ {3} 1/2-1/2

[Event "Top 16 Groupe B"]
[Site "Chartres, France"]
[Date "2024.05.30"]
[Round "1.21"]
[White "Edouard, Romain"]
[Black "Velten, Paul"]
[Result "1/2-1/2"]
[WhiteElo "2528"]
[BlackElo "2488"]
[PlyCount "87"]
[EventDate "2024.??.??"]

1. e4 {16} e6 {60} 2. d4 d5 {20} 3. e5 {2} c5 {30} 4. c3 {3} Nc6 {22} 5. Nf3 {3
} Bd7 {36} 6. Be2 {6} Nge7 {46} 7. dxc5 {58} Ng6 {955} 8. Be3 {615} Ngxe5 {546}
9. Nxe5 {16} Nxe5 {12} 10. O-O {13} Be7 {456} 11. Nd2 {322} O-O {147} 12. f4 {
610} Nc6 {130} 13. Nf3 {75} b6 {266} 14. cxb6 {33} axb6 {42} 15. Qd2 {935} Qc7
{479} 16. Kh1 {183} Bf6 {509} 17. Bd3 {34} g6 {166} 18. Qf2 {60} Rab8 {38} 19.
Rae1 {804} Bg7 {37} 20. h4 {72} Na7 {835} 21. h5 {479} Bb5 {55} 22. Bxb5 {24}
Nxb5 {5} 23. hxg6 {15} hxg6 {34} 24. Ng5 {450} Rfe8 {116} 25. Qh4 {47} Ra8 {30}
26. a3 {149} Qc6 {131} 27. Rf3 {154} Ra4 {116} 28. Rg3 {177} Qb7 {216} 29. b3 {
814} Raa8 {128} 30. c4 {88} dxc4 {267} 31. bxc4 {2} Nd6 {9} 32. Bd2 {21} Ra4 {4
} 33. Bb4 {29} Rxb4 {3} 34. axb4 {2} Nf5 {5} 35. Qh7+ {92} Kf8 {2} 36. Rd3 {6}
Qc8 {225} 37. Ra1 {91} Qxc4 {46} 38. Rd7 {8} Nh6 {15} 39. Nxf7 {54} Qxf4 {41}
40. Nxh6 {30} Qh4+ {11} 41. Kg1 {1} Bd4+ {4} 42. Rxd4 {8} Qxd4+ {2} 43. Kh2 {9}
Qh4+ {5} 44. Kg1 {1} 1/2-1/2

[Event "Top 16 Groupe B"]
[Site "Chartres, France"]
[Date "2024.05.30"]
[Round "1.22"]
[White "Guilleux, Fabien"]
[Black "Gatineau, Yovann"]
[Result "0-1"]
[WhiteElo "2374"]
[BlackElo "2407"]
[PlyCount "84"]
[EventDate "2024.??.??"]

1. c4 {7} e6 {21} 2. Nc3 {21} d5 {18} 3. d4 {17} a6 {15} 4. cxd5 {531} exd5 {
104} 5. Bf4 {9} Nf6 {20} 6. Nf3 {202} Bd6 {33} 7. Be5 {56} c6 {127} 8. e3 {54}
O-O {82} 9. Bd3 {262} Re8 {267} 10. Qc2 {425} h6 {54} 11. O-O {172} Bg4 {599}
12. Bxd6 {360} Qxd6 {20} 13. Ne5 {7} c5 {117} 14. h3 {808} Be6 {123} 15. f4 {
120} c4 {796} 16. Be2 {180} b5 {204} 17. Bf3 {338} Nc6 {365} 18. g4 {141} Rad8
{541} 19. Qg2 {246} b4 {803} 20. Na4 {347} Ne7 {552} 21. Nc5 {577} Bc8 {155}
22. b3 {495} c3 {184} 23. a3 {6} a5 {234} 24. axb4 {18} axb4 {4} 25. Ra4 {220}
Qb6 {129} 26. Ncd3 {228} Ba6 {120} 27. Rxb4 {40} Qd6 {69} 28. Ra1 {152} Bxd3 {
48} 29. Nxd3 {2} Nc6 {17} 30. Rba4 {104} Rxe3 {25} 31. Ne5 {6} Nxd4 {180} 32.
Qf2 {194} Nxf3+ {37} 33. Nxf3 {2} Re4 {81} 34. Ne5 {34} Rxa4 {57} 35. bxa4 {12}
d4 {29} 36. Rd1 {15} Qd5 {75} 37. Nd3 {71} Qc4 {82} 38. Qc2 {14} Nd5 {118} 39.
Ne5 {7} Qc5 {17} 40. Qf5 {53} Nf6 {69} 41. Qd3 {21} Nd7 {427} 42. Nf3 {282} Nb6
{148} 0-1

[Event "Top 16 Groupe B"]
[Site "Chartres, France"]
[Date "2024.05.30"]
[Round "1.23"]
[White "Rakotomaharo, Fy Antenaina"]
[Black "Bournel, Antoine"]
[Result "1/2-1/2"]
[WhiteElo "2448"]
[BlackElo "2324"]
[PlyCount "63"]
[EventDate "2024.??.??"]

1. e4 {3} c6 {41} 2. d4 {15} d5 {26} 3. e5 {7} Bf5 {40} 4. h4 {33} h5 {69} 5.
Bd3 {30} Bxd3 {41} 6. Qxd3 {6} Qa5+ {30} 7. Nd2 {35} e6 {44} 8. Ngf3 {9} Nh6 {
41} 9. O-O {27} Nf5 {55} 10. Nb3 {25} Qa6 {67} 11. Qd1 {20} Be7 {101} 12. a4 {
60} Nd7 {175} 13. g3 {155} Rc8 {136} 14. c3 {435} c5 {256} 15. dxc5 {148} Nxc5
{43} 16. Nbd4 {24} Nxd4 {288} 17. cxd4 {41} Nd3 {268} 18. Qb3 {1227} Nxc1 {717}
19. Rfxc1 {9} O-O {120} 20. Rc3 {956} Rc6 {455} 21. Rac1 {78} Rfc8 {269} 22.
Kg2 {430} g6 {235} 23. Ne1 {439} Rxc3 {341} 24. Rxc3 {10} Rxc3 {33} 25. bxc3 {
369} Qc6 {160} 26. Nc2 {364} a6 {165} 27. Kf3 {161} Kf8 {415} 28. Ke3 {357} Bd8
{150} 29. Qb4+ {110} Be7 {47} 30. Qb3 {8} Bd8 {10} 31. Qb4+ {554} Be7 {7} 32.
Qb3 {25} 1/2-1/2

[Event "Top 16 Groupe B"]
[Site "Chartres, France"]
[Date "2024.05.30"]
[Round "1.24"]
[White "Afraoui, Anaelle"]
[Black "Navrotescu, Andreea"]
[Result "1/2-1/2"]
[WhiteElo "2145"]
[BlackElo "2220"]
[PlyCount "206"]
[EventDate "2024.??.??"]

1. e4 {4} c6 {6} 2. Nf3 {32} d5 {6} 3. d3 {9} dxe4 {7} 4. dxe4 {6} Qxd1+ {4} 5.
Kxd1 {10} Nf6 {4} 6. Nbd2 {58} g6 {16} 7. Ne5 {137} Nbd7 {210} 8. Nxd7 {80}
Nxd7 {32} 9. f3 {135} Bg7 {83} 10. c3 {329} O-O {59} 11. Kc2 {103} a5 {165} 12.
a4 {85} f5 {1145} 13. Bc4+ {594} Kh8 {5} 14. Be6 {302} b5 {1055} 15. Re1 {435}
f4 {300} 16. Bxd7 {419} Bxd7 {2} 17. Nb3 {13} Be6 {664} 18. Nc5 {96} Bg8 {33}
19. Rd1 {132} g5 {408} 20. Rd7 {493} Rfb8 {585} 21. Rb7 {973} b4 {143} 22. Bd2
{795} b3+ {207} 23. Rxb3 {291} Bxb3+ {17} 24. Nxb3 {6} Rb6 {133} 25. Rb1 {49}
Kg8 {75} 26. Be1 {77} Kf7 {47} 27. Bf2 {38} Rb7 {246} 28. Nc5 {74} Rbb8 {4} 29.
Rd1 {67} Rd8 {48} 30. Rxd8 {106} Rxd8 {2} 31. Nb3 {12} Ra8 {75} 32. Bb6 {47} e6
{153} 33. Bxa5 {156} h5 {149} 34. Kd3 {45} g4 {59} 35. Kc4 {62} Bf8 {86} 36.
Kd4 {96} Kf6 {53} 37. c4 {61} Bd6 {62} 38. c5 {57} Be5+ {31} 39. Kc4 {4} Bxb2 {
23} 40. Kb4 {19} h4 {111} 41. h3 {509} gxh3 {9} 42. gxh3 {4} Ke7 {527} 43. Bc7
{342} Kd7 {1} 44. Bd6 {137} Bf6 {463} 45. a5 {202} Bg5 {470} 46. Nd2 {106} Kc8
{18} 47. Nc4 {145} Kb7 {2} 48. Ne5 {95} Bd8 {26} 49. Nc4 {24} Bc7 {283} 50. Nb6
{270} Bxb6 {192} 51. axb6 {69} Rg8 {27} 52. Be7 {69} Rg3 {14} 53. Bxh4 {5} Rxh3
{14} 54. Bf6 {23} Rxf3 {8} 55. Kc4 {20} Re3 {62} 56. Kd4 {64} Re2 {17} 57. Kd3
{71} f3 {11} 58. Bh4 {41} Rh2 {146} 59. Bg3 {20} Rg2 {6} 60. Bh4 {14} Re2 {151}
61. Bg3 {19} Rg2 {60} 62. Bh4 {5} f2 {31} 63. Ke2 {17} f1=Q+ {12} 64. Kxf1 {4}
Rg4 {4} 65. Be7 {59} Rxe4 {2} 66. Kf2 {25} Kc8 {41} 67. Kf3 {68} Rb4 {4} 68.
Bd6 {59} Kd7 {3} 69. Be5 {16} Ke7 {41} 70. Ke3 {22} Kf7 {7} 71. Bd4 {41} Rb1 {
104} 72. Ke4 {30} Re1+ {10} 73. Kf4 {19} Kg6 {91} 74. Be5 {40} Rb1 {2} 75. Bd4
{14} Kf7 {51} 76. Ke5 {64} Ke7 {1} 77. Ke4 {24} Re1+ {16} 78. Kf4 {12} Kd7 {24}
79. Be5 {41} Rf1+ {35} 80. Ke4 {12} Rb1 {36} 81. Bd4 {17} Re1+ {46} 82. Kf4 {25
} Kc8 {19} 83. Be5 {62} Kb7 {31} 84. Bd6 {74} Ka6 {37} 85. Be5 {35} Rd1 {29}
86. Ke4 {114} Re1+ {75} 87. Kf4 {65} Rf1+ {15} 88. Ke4 {4} Rf5 {7} 89. Bd6 {72}
Rd5 {20} 90. Be7 {26} Kb7 {39} 91. Bf8 {33} Kc8 {39} 92. Bd6 {24} Rf5 {28} 93.
Kd4 {28} Kb7 {62} 94. Ke4 {6} Rh5 {25} 95. Be7 {35} Rh7 {26} 96. Bd6 {25} Rh5 {
43} 97. Be7 {23} Rd5 {19} 98. Bf8 {36} Ka6 {36} 99. Be7 {42} Rd7 {30} 100. Bd6
{75} Rh7 {27} 101. Ke5 {5} Rh6 {5} 102. Be7 {18} Kb7 {14} 103. Kd6 {47} Rg6 {42
} 1/2-1/2

[Event "Top 16 Groupe B"]
[Site "Chartres, France"]
[Date "2024.05.30"]
[Round "1.25"]
[White "Aravindh, Chithambaram Vr"]
[Black "Neiksans, Arturs"]
[Result "1-0"]
[WhiteElo "2670"]
[BlackElo "2575"]
[PlyCount "103"]
[EventDate "2024.??.??"]

1. e4 {18} c5 2. c3 {19} Nf6 {108} 3. e5 {9} Nd5 {5} 4. Bc4 {24} Nb6 {73} 5.
Bb3 {9} c4 {120} 6. Bc2 {8} d6 {46} 7. exd6 {14} Qxd6 {18} 8. Na3 {76} Nc6 {185
} 9. Nf3 {27} Ne5 {737} 10. O-O {231} Bg4 {1008} 11. Be4 {36} Nxf3+ {934} 12.
Bxf3 {115} Bxf3 {7} 13. Qxf3 {6} Qc6 {21} 14. Qxc6+ bxc6 {475} 15. b3 {84}
O-O-O {305} 16. f4 {1913} Rd3 {618} 17. Nc2 {710} e6 {280} 18. Kf2 {146} Rd7 {
517} 19. Ke2 {109} Bd6 {127} 20. g3 {426} e5 {100} 21. f5 {142} h5 {349} 22.
Ba3 {178} h4 {104} 23. Rh1 {304} Bxa3 {224} 24. Nxa3 {3} e4 {24} 25. Nc2 {244}
Rd3 {144} 26. Ne3 {284} Kc7 {4} 27. gxh4 {136} Nd5 {93} 28. Nxc4 {162} Rxh4 {64
} 29. Raf1 {171} Rdh3 {25} 30. Rf2 {12} Nf4+ {26} 31. Kd1 {11} Nd3 {9} 32. Rg2
{48} Rf4 {16} 33. Kc2 {16} Rxf5 {33} 34. Rxg7 {3} Rf2 {15} 35. b4 {34} Kd7 {28}
36. a4 {69} Ke6 {18} 37. Rg8 {46} Ke7 {113} 38. Rg4 {128} f5 {18} 39. Rg7+ {7}
Kf8 {40} 40. Rhg1 {64} Rhxh2 {31} 41. Rg8+ {73} Kf7 {173} 42. R8g7+ {48} Kf8 {
163} 43. Rg8+ {518} Kf7 {12} 44. R1g7+ {5} Kf6 {91} 45. Rg6+ {18} Ke7 {79} 46.
R8g7+ {15} Kf8 {43} 47. Rxa7 {29} Ne1+ {382} 48. Kb3 {7} Rxd2 {7} 49. Ne5 {163}
Rhg2 {163} 50. Rf7+ {10} Ke8 {5} 51. Re6+ {3} Kd8 {7} 52. Nxc6+ {6} 1-0

[Event "Top 16 Groupe B"]
[Site "Chartres, France"]
[Date "2024.05.30"]
[Round "1.26"]
[White "Brunello, Sabino"]
[Black "Karthikeyan, Murali"]
[Result "1/2-1/2"]
[WhiteElo "2507"]
[BlackElo "2610"]
[PlyCount "113"]
[EventDate "2024.??.??"]

1. d4 {2} Nf6 {9} 2. c4 {10} e6 {11} 3. Nf3 {51} d5 {25} 4. Nc3 {19} c6 {29} 5.
e3 {78} Nbd7 {26} 6. Qc2 {47} Bd6 {29} 7. Bd3 {67} O-O {96} 8. O-O {12} e5 {301
} 9. cxd5 {127} cxd5 {11} 10. e4 {16} dxe4 {64} 11. Nxe4 {31} Nxe4 {10} 12.
Bxe4 {570} h6 {27} 13. Be3 {865} exd4 {45} 14. Bxd4 {41} Nf6 {25} 15. Bf5 {17}
Qa5 {55} 16. Bxc8 {8} Rfxc8 {19} 17. Qb3 {116} Qd5 18. Qxd5 {405} Nxd5 {14} 19.
Rfd1 {13} Bf8 {358} 20. Kf1 {58} Nb4 {321} 21. Bc3 {185} Rd8 {226} 22. a3 {151}
Nd5 {137} 23. Bd4 {21} a6 {372} 24. Rac1 {173} Rac8 {102} 25. h4 {84} Rxc1 {110
} 26. Rxc1 {6} h5 {197} 27. g3 {43} f6 {69} 28. Ke2 {70} Kf7 {97} 29. a4 {140}
Re8+ {197} 30. Kf1 {175} Bd6 {585} 31. Nd2 {107} Bb4 {241} 32. Nf3 {618} Re7 {
330} 33. Rc8 {215} Rc7 {50} 34. Rh8 {16} g6 {129} 35. Ra8 {554} Ne7 {149} 36.
Rh8 {318} Rd7 {395} 37. Ke2 {44} Kg7 {43} 38. Ra8 {73} Nf5 {103} 39. Bb6 {545}
Rd6 {191} 40. Ba7 {11} Kf7 {102} 41. Rc8 {33} Rd7 {189} 42. Rc4 {115} Be7 {14}
43. Bb6 {43} Ke6 {75} 44. b3 {106} Rd6 {157} 45. Ba5 {356} Rc6 {356} 46. g4 {
531} hxg4 {53} 47. Rxg4 {1} Rc2+ {110} 48. Nd2 {25} Kf7 {34} 49. Bb4 {137} Bd8
{96} 50. Kd3 {6} Rc1 {160} 51. Bc3 {26} Rh1 {312} 52. Nf3 {76} Rd1+ {82} 53.
Nd2 {110} Re1 {256} 54. Rf4 {81} Rh1 {211} 55. Nf3 {25} Rd1+ {90} 56. Nd2 {26}
Rh1 {348} 57. Ke4 {12} 1/2-1/2

[Event "Top 16 Groupe B"]
[Site "Chartres, France"]
[Date "2024.05.30"]
[Round "1.27"]
[White "Pranesh M"]
[Black "Marcelin, Cyril"]
[Result "1-0"]
[WhiteElo "2535"]
[BlackElo "2452"]
[PlyCount "103"]
[EventDate "2024.??.??"]

1. e4 {2} c5 {18} 2. Nf3 {7} g6 {24} 3. d4 {9} cxd4 {14} 4. Nxd4 {5} Nc6 {57}
5. c4 {6} Nf6 {33} 6. Nc3 {7} d6 {21} 7. Be2 {7} Nxd4 {27} 8. Qxd4 {5} Bg7 {12}
9. Be3 {6} O-O {39} 10. Qd3 {6} a5 {214} 11. O-O {14} Bd7 {24} 12. Bd4 {124}
Bc6 {42} 13. b3 {66} Nd7 {84} 14. Bxg7 {14} Kxg7 {4} 15. Kh1 {125} Nc5 {1116}
16. Qe3 {36} e5 {680} 17. Rad1 {490} Qe7 {611} 18. Rd2 {173} Rad8 {231} 19.
Rfd1 {85} Rd7 {1035} 20. Bd3 {264} Ne6 {356} 21. f3 {199} Ra8 {147} 22. a3 {247
} Qd8 {41} 23. Bf1 {206} Qc7 {468} 24. g3 {716} Rdd8 {50} 25. Kg1 {330} b6 {49}
26. Bh3 {336} Nd4 {70} 27. Ne2 {17} Nxe2+ {30} 28. Qxe2 {29} f6 {277} 29. a4 {
205} Bd7 {214} 30. Bxd7 {95} Rxd7 {2} 31. Rd5 {7} Qc6 {57} 32. Qd2 {16} Rad8 {
13} 33. Kf2 {52} Qc7 {36} 34. Ke2 {11} Qc6 {9} 35. Qd3 {33} Kf7 {76} 36. Qe3 {
16} Kg7 {80} 37. Kd2 {9} Re7 {9} 38. Kc2 {16} Re6 {52} 39. Kb2 {61} Rd7 {34}
40. h4 {55} Rf7 {186} 41. Qd3 {273} Rd7 {41} 42. Rb5 {10} Re8 {715} 43. Qe3 {
145} Rb7 44. Qd2 {54} Rd7 {295} 45. Rd5 {26} Re6 {9} 46. h5 {23} g5 {124} 47.
f4 {24} exf4 {388} 48. gxf4 {10} gxf4 {52} 49. Qxf4 {80} Kf8 {353} 50. e5 {89}
Rxe5 {10} 51. Qxf6+ {14} Rf7 {18} 52. Qh6+ {10} 1-0

[Event "Top 16 Groupe B"]
[Site "Chartres, France"]
[Date "2024.05.30"]
[Round "1.28"]
[White "Kulaots, Kaido"]
[Black "Makkar, Rajat"]
[Result "1/2-1/2"]
[WhiteElo "2520"]
[BlackElo "2453"]
[PlyCount "62"]
[EventDate "2024.??.??"]

1. e4 {11} e5 {34} 2. Nf3 {18} Nc6 {15} 3. Bb5 {18} a6 {14} 4. Ba4 {20} Bc5 {11
} 5. O-O {317} Nge7 {106} 6. Nxe5 {95} Nxe5 {285} 7. d4 {18} b5 {140} 8. Bb3 {
29} Bxd4 {250} 9. Qxd4 {72} d6 {424} 10. c3 {412} c5 {249} 11. Qd1 {103} O-O {
155} 12. Bf4 {326} N7g6 {403} 13. Bg3 {303} h5 {372} 14. h3 {944} h4 {436} 15.
Bh2 {67} c4 {427} 16. Bc2 {19} Bb7 {149} 17. Nd2 {900} Re8 {655} 18. Nf3 {1394}
Qf6 {337} 19. Nd4 {89} Nf4 {73} 20. Bxf4 {138} Qxf4 {19} 21. a4 {342} bxa4 {669
} 22. Ne2 {157} Qf6 {95} 23. Rxa4 {46} Bc6 {141} 24. Ra5 {30} Qd8 {187} 25. Ra2
{39} Ng6 {58} 26. f3 {106} Bb7 {110} 27. Qd2 {43} Qf6 {127} 28. Qd4 {119} Qe6 {
91} 29. Qf2 {39} Qf6 {77} 30. Qd4 {17} Qe6 {36} 31. Qf2 {13} Qf6 {25} 1/2-1/2

[Event "Top 16 Groupe B"]
[Site "Chartres, France"]
[Date "2024.05.30"]
[Round "1.29"]
[White "Lamard, Guillaume"]
[Black "Chabanon, Jean-Luc"]
[Result "1/2-1/2"]
[WhiteElo "2500"]
[BlackElo "2400"]
[PlyCount "91"]
[EventDate "2024.??.??"]

1. d4 {6} Nf6 {17} 2. c4 {13} e6 {89} 3. Nf3 {22} d5 {238} 4. g3 {10} Be7 {38}
5. Bg2 {5} O-O {64} 6. Qc2 {5} c6 {114} 7. O-O {9} Nbd7 {105} 8. Rd1 {43} b6 {
31} 9. b3 {45} Bb7 {172} 10. Nc3 {31} Rc8 {71} 11. e4 {26} dxe4 {627} 12. Ng5 {
17} h6 {297} 13. Ngxe4 {16} Nxe4 {20} 14. Nxe4 {97} Nf6 {89} 15. h4 {940} Qd7 {
880} 16. Bb2 {1120} Rfd8 {768} 17. a3 {504} Nxe4 {424} 18. Qxe4 {46} Rc7 {55}
19. Qc2 {783} Qc8 {150} 20. Rd2 {459} Rcd7 {607} 21. Rad1 {98} Qc7 {181} 22. b4
{298} Bf6 {291} 23. c5 {107} Ba6 {316} 24. cxb6 {135} Qxb6 {38} 25. Qxc6 {20}
Bb5 {19} 26. Qxb6 {447} axb6 {2} 27. Be4 {61} Ba4 {142} 28. Rc1 {4} Rd6 {166}
29. Rc7 {103} g5 {11} 30. hxg5 {49} hxg5 {62} 31. Ra7 {175} Bb3 {25} 32. Rb7 {
273} Bxd4 {55} 33. Bxd4 {6} Rxd4 {4} 34. Rxd4 {35} Rxd4 {6} 35. Bc6 {39} Rd1+ {
37} 36. Kg2 {69} Ra1 {77} 37. Rxb6 {16} Rxa3 {11} 38. Rb5 {10} Ra6 {138} 39.
Rxg5+ {36} Kf8 {1} 40. b5 {368} Rb6 {17} 41. Kf3 {80} Bd5+ {226} 42. Bxd5 {224}
Rxb5 {18} 43. Ke4 {30} Ke7 {430} 44. f4 {130} f5+ {351} 45. Ke3 {26} Rxd5 {11}
46. Rg7+ {13} 1/2-1/2

[Event "Top 16 Groupe B"]
[Site "Chartres, France"]
[Date "2024.05.30"]
[Round "1.30"]
[White "Dionisi, Thomas"]
[Black "Defromont, Benjamin"]
[Result "1-0"]
[WhiteElo "2396"]
[BlackElo "2393"]
[PlyCount "57"]
[EventDate "2024.??.??"]

1. e4 {125} c5 {20} 2. Nf3 {13} e6 {14} 3. d4 {52} cxd4 {6} 4. Nxd4 {3} Nf6 {9}
5. Nc3 {13} Nc6 {7} 6. Be2 {38} Bb4 {34} 7. O-O {7} Bxc3 {12} 8. bxc3 {3} Nxe4
{9} 9. Nxc6 {13} dxc6 {26} 10. Bd3 {7} Nf6 {300} 11. c4 {117} O-O {1079} 12.
Re1 {20} e5 {60} 13. Rxe5 {632} Bg4 {235} 14. Qd2 {101} Bh5 {680} 15. Ba3 {1152
} Re8 {126} 16. Rxe8+ {8} Nxe8 {101} 17. Qb4 {275} Nf6 {4} 18. Qxb7 {90} Bg6 {
257} 19. Qxc6 {355} Rc8 {117} 20. Qd6 {846} Qa5 {130} 21. Bb4 {41} Qh5 {133}
22. Re1 {69} h6 {81} 23. h3 {317} Kh7 {279} 24. Bc3 {52} Qg5 {713} 25. Bxf6 {
229} gxf6 {2} 26. Qd7 {12} Rf8 {55} 27. Qxa7 {144} f5 {83} 28. Qe3 {258} Re8 {
488} 29. Qxe8 {60} 1-0

[Event "Top 16 Groupe B"]
[Site "Chartres, France"]
[Date "2024.05.30"]
[Round "1.31"]
[White "Giroyan, Gary"]
[Black "Fantinel, Thibault"]
[Result "1/2-1/2"]
[WhiteElo "2412"]
[BlackElo "2406"]
[PlyCount "79"]
[EventDate "2024.??.??"]

1. e4 {1} c5 {7} 2. Nf3 {7} e6 {11} 3. d4 {35} cxd4 {6} 4. Nxd4 {3} Nc6 {26} 5.
Nc3 {11} Qc7 {9} 6. Be3 {264} a6 {39} 7. Qf3 {162} h5 {122} 8. Nxc6 {448} Qxc6
{192} 9. Bd4 {678} b5 {448} 10. a3 {597} Bb7 {35} 11. Bd3 {50} Nf6 {959} 12. h3
{1270} Bc5 {710} 13. Qe3 {355} Rc8 {144} 14. O-O-O {5} Bxd4 {359} 15. Qxd4 {2}
Qc5 {9} 16. Qxc5 {160} Rxc5 {5} 17. f4 {80} d6 {419} 18. g4 {499} hxg4 {1166}
19. hxg4 {5} Rxh1 {3} 20. Rxh1 {3} g5 {171} 21. Rh8+ {38} Kd7 {123} 22. e5 {376
} Nxg4 {244} 23. Rh7 {16} Ke8 {240} 24. exd6 {832} gxf4 {28} 25. d7+ {21} Kd8 {
196} 26. Rxf7 {132} f3 {216} 27. Rf8+ {43} Kxd7 {11} 28. Rf7+ Kc8 {50} 29. Be4
{6} Bxe4 {235} 30. Nxe4 {1} Re5 {36} 31. Nd6+ {2} Kb8 {9} 32. Rxf3 {18} Re2 {31
} 33. Rc3 {113} Ne5 {89} 34. b3 {18} Re1+ {39} 35. Kd2 {20} Rh1 {4} 36. Rc8+ {
89} Ka7 {1} 37. Re8 {6} Rh6 {38} 38. Ne4 {26} Nc6 {52} 39. Nc5 {75} e5 {26} 40.
Nd3 {114} 1/2-1/2

[Event "Top 16 Groupe B"]
[Site "Chartres, France"]
[Date "2024.05.30"]
[Round "1.32"]
[White "Monpeurt, Cyrielle"]
[Black "Bensdorp-De Labaca, Marlies"]
[Result "0-1"]
[WhiteElo "2158"]
[BlackElo "2229"]
[PlyCount "76"]
[EventDate "2024.??.??"]

1. e4 {4} c6 {4} 2. d4 {15} d5 {7} 3. Nc3 {39} dxe4 {6} 4. Nxe4 {8} Nf6 {6} 5.
Nxf6+ {41} exf6 {7} 6. c3 {28} Bd6 {6} 7. Bd3 {16} O-O {11} 8. Ne2 {36} Re8 {28
} 9. O-O {23} Nd7 {12} 10. a4 {48} a5 {38} 11. Ng3 {402} g6 {362} 12. Bh6 {501}
f5 {144} 13. Qd2 {529} Nf8 {928} 14. Rfe1 {998} Be6 {194} 15. Re2 {227} Be7 {
829} 16. Rae1 {166} Qd7 {493} 17. Bg5 {661} Qd8 {1194} 18. Bxe7 {123} Qxe7 {17}
19. Qh6 {324} Nd7 {330} 20. c4 {623} Qf8 {108} 21. Qg5 {193} h6 {204} 22. Qd2 {
11} Nf6 {196} 23. Re5 {217} Red8 {37} 24. Ne2 {47} Qb4 {135} 25. Qxb4 {480}
axb4 {4} 26. Nf4 {3} Rxd4 {171} 27. Nxe6 {10} Rxd3 {44} 28. Nc5 {24} Rd2 {23}
29. Nxb7 {91} Rxa4 {242} 30. Ra5 {157} Rxa5 {13} 31. Nxa5 {3} Rxb2 {223} 32.
Nxc6 {4} b3 {21} 33. f3 {147} Nd7 {271} 34. Nd4 {133} Nc5 {11} 35. Re8+ {32}
Kg7 {6} 36. Rb8 {58} Rb1+ {88} 37. Kf2 {3} b2 {9} 38. Nc2 {98} Ra1 {61} 0-1

[Event "Top 16 Groupe B"]
[Site "Chartres, France"]
[Date "2024.05.31"]
[Round "2.1"]
[White "Gavrilescu, David"]
[Black "Brunello, Sabino"]
[Result "1-0"]
[WhiteElo "2538"]
[BlackElo "2507"]
[PlyCount "67"]
[EventDate "2024.??.??"]

1. e4 {18} c6 {8} 2. Nf3 {47} d5 {8} 3. Nc3 {16} Bg4 {4} 4. h3 {41} Bxf3 {5} 5.
Qxf3 {10} e6 {4} 6. g3 {47} Bc5 {33} 7. Bg2 {43} Nd7 {103} 8. O-O {160} Ngf6 {7
} 9. d3 {33} O-O {30} 10. Qe2 {70} dxe4 {177} 11. dxe4 {597} e5 {24} 12. Nd1 {
188} Re8 {88} 13. a4 {186} a5 {27} 14. Ne3 {80} Nf8 {29} 15. c3 {399} Ne6 {149}
16. h4 {201} g6 {580} 17. Nc4 {281} Qc7 {89} 18. Bh6 {179} Bf8 {128} 19. Be3 {
67} Nc5 {144} 20. Rfd1 {382} h5 {305} 21. f3 {174} Nb3 {811} 22. Bb6 {267} Bc5+
{272} 23. Bxc5 {10} Nxc5 {4} 24. Qe3 {17} Nfd7 {208} 25. Bh3 {514} Re7 {824}
26. Rab1 {458} Rf8 {1406} 27. Qg5 {354} Nb8 {47} 28. Nd6 {107} Ne6 {244} 29.
Bxe6 {71} Rxe6 {11} 30. Nf5 {277} Nd7 {12} 31. g4 {105} Nf6 {131} 32. gxh5 {54}
Nxh5 {103} 33. Rd2 {86} Nf4 {44} 34. Kh2 {56} 1-0